000 00410nam a2200181Ia 4500
005 20250423095245.0
008 250422s9999 xx 000 0 und d
020 _a81-7808-129-6
050 _aQA 76.64 .B693/
100 _aCharlie Kindel
245 0 _aEssential COM
260 _aNew Delhi
260 _bPearson Education
260 _c1998
300 _a440 p
650 _aMathematics
942 _cBK
999 _c29725
_d29725